[Event "Mistrovstvi CR senioru nad 70 let"]
[Site "Pelcovo divadlo Rychnov nad Kn"]
[Date "2016.08.22"]
[Round "3.9"]
[White "Tomandl, Vladimir"]
[Black "Pecka, Frantisek"]
[Result "0-1"]
[WhiteElo "1849"]
[BlackElo "2057"]
[PlyCount "0"]
[EventDate "2016.08.20"]
[PlyCount "102"]

1. e4 c5 2. Nf3 a6 3. d4 cxd4 4. Nxd4 Nf6 5. Nc3 e5 6. Nb3 Bb4 7. Bg5 d6 8.
Bxf6 Qxf6 9. Qf3 Qxf3 10. gxf3 Bxc3+ 11. bxc3 Nc6 12. O-O-O Ke7 13. h4 f5 14.
Bh3 Rf8 15. Rd2 Be6 16. Kb2 b5 17. Rg1 g6 18. h5 Rf6 19. Rg5 Raf8 20. hxg6 hxg6
21. Nc1 Na5 22. Rd1 Nc4+ 23. Kb1 Rh8 24. Bf1 Rh1 25. Be2 Rxd1 26. Bxd1 Nd2+ 27.
Kb2 fxe4 28. fxe4 Nxe4 29. Rg2 Nxf2 30. Be2 Bc4 31. Nd3 e4 32. Nxf2 Bxe2 33.
Nxe4 Bf3 34. Nxf6 Bxg2 35. Ng4 Bf3 36. Nh2 Be2 37. Kc1 Ke6 38. Kd2 Bh5 39. Ke3
Kd5 40. Kd3 g5 41. Nf1 Bg6+ 42. Kd2 Ke4 43. Ne3 Kf3 44. a4 g4 45. axb5 axb5 46.
c4 bxc4 47. Nxc4 g3 48. Ne3 d5 49. c3 g2 50. Nxg2 Kxg2 51. Ke3 Bf7 0-1

[Event "Mistrovstvi CR senioru nad 70 let"]
[Site "Pelcovo divadlo Rychnov nad Kn"]
[Date "2016.08.22"]
[Round "3.10"]
[White "Svatos, Zdenek"]
[Black "Holecek, Vladimir"]
[Result "0-1"]
[WhiteElo "1704"]
[BlackElo "1921"]
[PlyCount "44"]
[EventDate "2016.08.20"]

1. Nf3 d5 2. e3 Nf6 3. b3 g6 4. Bb2 Bg7 5. d4 O-O 6. Nbd2 b6 7. Bd3 Bb7 8. O-O
Nbd7 9. c4 c5 10. dxc5 Nxc5 11. Be2 Nfe4 12. Bxg7 Kxg7 13. Qc2 Nxd2 14. Nxd2
dxc4 15. Bxc4 a5 16. Rfd1 Qc7 17. Nf1 Rfd8 18. Ng3 Qe5 19. Qe2 h5 20. f3 e6 21.
Rac1 Qf6 22. Rc2 h4 0-1

[Event "Mistrovstvi CR senioru nad 70 let"]
[Site "Pelcovo divadlo Rychnov nad Kn"]
[Date "2016.08.22"]
[Round "3.11"]
[White "Pavlu, Jiri"]
[Black "Palla, Stanislav"]
[Result "1/2-1/2"]
[WhiteElo "1850"]
[BlackElo "1690"]
[PlyCount "0"]
[EventDate "2016.08.20"]
[PlyCount "87"]

1. d4 Nf6 2. c4 g6 3. Nc3 d5 4. e3 Bg7 5. Nf3 O-O 6. Be2 c6 7. O-O Re8 8. Ne5
Nbd7 9. f4 dxc4 10. Bxc4 e6 11. Qf3 Nb6 12. Bb3 Nbd5 13. Bd2 Nxc3 14. Bxc3 Nd5
15. Bd2 f6 16. Ng4 f5 17. Ne5 Nf6 18. Bb4 a5 19. Ba3 Bf8 20. Bxf8 Rxf8 21. a4
Qb6 22. Ra3 Ne4 23. Qe2 Qb4 24. Rd1 Nc3 25. Bxe6+ Bxe6 26. Rxc3 Qxa4 27. Rdc1
Qb4 28. Nd3 Qb5 29. Rc5 Qb6 30. Re5 Rfe8 31. Nc5 Kf7 32. Nxe6 Rxe6 33. Rxe6
Kxe6 34. Qc4+ Ke7 35. b3 Qd8 36. Qc5+ Qd6 37. Qe5+ Qxe5 38. fxe5 Rd8 39. Rc5
Rd5 40. Rxd5 cxd5 41. Kf2 b5 42. Ke2 g5 43. g3 g4 44. Kd2 1/2-1/2

[Event "Mistrovstvi CR senioru nad 70 let"]
[Site "Pelcovo divadlo Rychnov nad Kn"]
[Date "2016.08.22"]
[Round "3.12"]
[White "Tolar, Jan"]
[Black "Maly, Jiri"]
[Result "1/2-1/2"]
[WhiteElo "1815"]
[BlackElo "1657"]
[PlyCount "0"]
[EventDate "2016.08.20"]
[PlyCount "44"]

1. e4 c5 2. Nc3 Nc6 3. Nf3 d6 4. d4 cxd4 5. Nxd4 e5 6. Nf3 Nf6 7. Bb5 a6 8. Bc4
Be7 9. h3 O-O 10. O-O b5 11. Bd5 Qc7 12. a3 Bb7 13. Bg5 Nxd5 14. Nxd5 Qd8 15.
Nxe7+ Nxe7 16. Re1 f6 17. Bh4 Qc7 18. Nd2 Rad8 19. c3 d5 20. Qe2 dxe4 21. Nxe4
Bxe4 22. Qxe4 Qc6 1/2-1/2

[Event "Mistrovstvi CR senioru 2016 nad 50 let"]
[Site "Pelclovo divadlo Rychnov nad Kn"]
[Date "2016.08.23"]
[Round "4.1"]
[White "Sabol, Marian"]
[Black "Urban, Zdenek"]
[Result "1/2-1/2"]
[WhiteElo "2337"]
[BlackElo "2153"]
[PlyCount "99"]
[EventDate "2016.08.20"]

1. d4 d5 2. c4 c6 3. Nc3 Nf6 4. Nf3 e6 5. g3 Be7 6. Bg2 O-O 7. O-O Nbd7 8. b3
Re8 9. Bb2 a5 10. Re1 Ne4 11. Nxe4 dxe4 12. Ne5 f5 13. Nxd7 Bxd7 14. f3 Bb4 15.
Rf1 exf3 16. Bxf3 Qg5 17. Qd3 Bd6 18. Bg2 Rad8 19. e4 Bc8 20. Qc3 e5 21. d5 f4
22. c5 Bb8 23. d6 fxg3 24. hxg3 b6 25. Rad1 bxc5 26. Qxc5 Rd7 27. Rf5 Qxf5 28.
exf5 Ba7 29. Qxa7 Rxa7 30. Bxc6 Bd7 31. Bd5+ Kf8 32. Be6 Rxe6 33. fxe6 Bxe6 34.
Bxe5 Ke8 35. Rd4 g6 36. Kf2 a4 37. Rf4 Kd7 38. Rb4 h5 39. Bf4 Bd5 40. Ke2 axb3
41. axb3 Rb7 42. Rxb7+ Bxb7 43. Kd3 g5 44. Be5 h4 45. gxh4 gxh4 46. Kc4 Kc6 47.
Kb4 Bc8 48. Ka5 Be6 49. b4 Bc4 50. b5+ 1/2-1/2

[Event "Mistrovstvi CR senioru 2016 nad 50 let"]
[Site "Pelclovo divadlo Rychnov nad Kn"]
[Date "2016.08.23"]
[Round "4.2"]
[White "Fiedler, Bedrich"]
[Black "Kozak, Milos"]
[Result "1/2-1/2"]
[WhiteElo "2114"]
[BlackElo "2145"]
[PlyCount "23"]
[EventDate "2016.08.20"]

1. d4 Nf6 2. Nf3 e6 3. c4 b6 4. a3 Bb7 5. Nc3 d5 6. cxd5 Nxd5 7. e3 g6 8. Bb5+
c6 9. Bd3 Bg7 10. O-O Nxc3 11. bxc3 O-O 12. Qe2 1/2-1/2

[Event "Mistrovstvi CR senioru 2016 nad 50 let"]
[Site "Pelclovo divadlo Rychnov nad Kn"]
[Date "2016.08.23"]
[Round "4.3"]
[White "Humlicek, Vojtech"]
[Black "Mohapl, Petr"]
[Result "1/2-1/2"]
[WhiteElo "1963"]
[BlackElo "2098"]
[PlyCount "23"]
[EventDate "2016.08.20"]

1. e4 e5 2. Nf3 Nc6 3. Bb5 a6 4. Bxc6 dxc6 5. d4 exd4 6. Qxd4 Qxd4 7. Nxd4 Bc5
8. Be3 Nf6 9. f3 Bd7 10. Nf5 Bb4+ 11. c3 Bf8 12. Nd4 1/2-1/2

[Event "Mistrovstvi CR senioru 2016 nad 50 let"]
[Site "Pelclovo divadlo Rychnov nad Kn"]
[Date "2016.08.23"]
[Round "4.4"]
[White "Pociejowski, Marek"]
[Black "Elias, Miroslav"]
[Result "1/2-1/2"]
[WhiteElo "1851"]
[BlackElo "2047"]
[PlyCount "0"]
[EventDate "2016.08.20"]
[PlyCount "49"]

1. d4 Nf6 2. c4 g6 3. Nc3 d5 4. cxd5 Nxd5 5. e4 Nxc3 6. bxc3 Bg7 7. Be3 c5 8.
Bc4 Nc6 9. Ne2 O-O 10. O-O Na5 11. Bd3 c4 12. Bc2 b6 13. Qd2 e6 14. Bh6 Bb7 15.
Ng3 f5 16. exf5 exf5 17. Qf4 Qd5 18. f3 Rae8 19. Rfe1 Nc6 20. Bxg7 Kxg7 21. Qd2
b5 22. a3 a5 23. Ne2 Qd6 24. Qf4 Qf6 25. Rab1 {zapis dale necitelny} 1/2-1/2

[Event "Mistrovstvi CR senioru 2016 nad 50 let"]
[Site "Pelclovo divadlo Rychnov nad Kn"]
[Date "2016.08.23"]
[Round "4.5"]
[White "Korinkova, Eva"]
[Black "Petras, Milan"]
[Result "1/2-1/2"]
[WhiteElo "1740"]
[BlackElo "1963"]
[PlyCount "0"]
[EventDate "2016.08.20"]
[PlyCount "55"]

1. e4 e6 2. d4 d5 3. Nc3 Bb4 4. exd5 exd5 5. Bd2 Nf6 6. Nf3 O-O 7. Ne5 c5 8.
Nb5 a6 9. c3 Ba5 10. Na3 cxd4 11. cxd4 Ne4 12. b4 Bb6 13. Be3 a5 14. b5 a4 15.
Bd3 Qe7 16. Bxe4 Qxa3 17. Bxd5 Qb4+ 18. Qd2 Qxb5 19. Bc4 Qa5 20. Rb1 Nc6 21.
Nxc6 bxc6 22. Ke2 Bf5 23. Rb2 Qxd2+ 24. Kxd2 Ba5+ 25. Ke2 Rab8 26. Rxb8 Rxb8
27. Rc1 Kf8 28. d5 1/2-1/2

[Event "Mistrovstvi CR senioru 2016 nad 50 let"]
[Site "Pelclovo divadlo Rychnov nad Kn"]
[Date "2016.08.23"]
[Round "4.6"]
[White "Siebenburger, Vlastimil"]
[Black "Papacek, Milos"]
[Result "1-0"]
[WhiteElo "2068"]
[BlackElo "1752"]
[PlyCount "97"]
[EventDate "2016.08.20"]

1. e4 e5 2. Nf3 Nc6 3. Bb5 a6 4. Ba4 Nf6 5. d4 exd4 6. e5 Ne4 7. O-O Be7 8.
Nxd4 Nc5 9. Nf5 Rg8 10. Qh5 h6 11. Qg4 Nxa4 12. Bxh6 gxh6 13. Qxg8+ Bf8 14.
Ng7+ Ke7 15. Nf5+ Ke8 16. Nxh6 Qe7 17. b3 Nb6 18. Nc3 d5 19. exd6 cxd6 20. Rfe1
Be6 21. Rad1 Kd7 22. Ng4 Qh4 23. Ne4 Be7 24. Nc5+ Kc7 25. Nxe6+ fxe6 26. Qxe6
Rf8 27. Qe2 Rf5 28. h3 Nd5 29. Qe4 Qh5 30. Ne3 Nxe3 31. Qxe3 Re5 32. Qd2 Rxe1+
33. Rxe1 Bf6 34. c4 Nd4 35. Re3 Qf5 36. Qd3 Qf4 37. Qe4 Qh6 38. Re1 Be5 39. f4
Bf6 40. Kh2 Qg7 41. g4 Bh4 42. Rd1 Nc6 43. Rd2 Qc3 44. Qd3 Qf6 45. Qe3 Ne7 46.
c5 d5 47. g5 Qf7 48. Qe5+ Kc8 49. Qh8+ 1-0

[Event "Mistrovstvi CR senioru 2016 nad 50 let"]
[Site "Pelclovo divadlo Rychnov nad Kn"]
[Date "2016.08.23"]
[Round "4.7"]
[White "Stuchly, Jaroslav"]
[Black "Bartos, Jan"]
[Result "0-1"]
[WhiteElo "1871"]
[BlackElo "2156"]
[PlyCount "84"]
[EventDate "2016.08.20"]

1. c4 Nf6 2. Nc3 e5 3. d3 c6 4. Nf3 d6 5. g3 g6 6. Bg2 Bg7 7. O-O O-O 8. Bg5 h6
9. Bd2 Be6 10. e4 Nbd7 11. Re1 Nc5 12. Qc2 a5 13. b3 Nfd7 14. Rad1 Qf6 15. Be3
Bg4 16. Qe2 Ne6 17. h3 Nd4 18. Bxd4 exd4 19. hxg4 dxc3 20. Qc2 Qe6 21. d4 Qxg4
22. Qxc3 Rfe8 23. Qd3 c5 24. Nh2 Qe6 25. dxc5 Nxc5 26. Qxd6 Qxd6 27. Rxd6 a4
28. b4 Bc3 29. Re3 Bxb4 30. Rb6 Bd2 31. Re2 Bc3 32. Rb5 Ra5 33. Ng4 Kg7 34.
Rxa5 Bxa5 35. f4 Bc3 36. e5 Rd8 37. Bd5 b5 38. Nf6 b4 39. Ne4 Nxe4 40. Rxe4 b3
41. axb3 a3 42. Re2 Bb2 0-1

[Event "Mistrovstvi CR senioru 2016 nad 50 let"]
[Site "Pelclovo divadlo Rychnov nad Kn"]
[Date "2016.08.23"]
[Round "4.8"]
[White "Privoznik, Lubos"]
[Black "Zmeskal, Stanislav"]
[Result "0-1"]
[WhiteElo "1640"]
[BlackElo "1790"]
[PlyCount "0"]
[EventDate "2016.08.20"]
[PlyCount "70"]

1. e4 e5 2. Nf3 Nf6 3. Nxe5 d6 4. Nf3 Nxe4 5. d4 d5 6. Bd3 Bd6 7. O-O O-O 8.
Nbd2 Nxd2 9. Bxd2 Nd7 10. c3 Nf6 11. Qc2 Re8 12. Bg5 h6 13. Bd2 Bg4 14. Ne1 Be2
15. Bxe2 Rxe2 16. Qd3 Re6 17. Nf3 Ne4 18. Rfe1 c6 19. Re2 Qe7 20. Rae1 Re8 21.
Be3 f5 22. g3 Qf6 23. Nh4 f4 24. Bd2 g5 25. Nf3 fxg3 26. fxg3 Rf8 27. Rf1 g4
28. Bxh6 Qxh6 29. Nh4 Rxf1+ 30. Kxf1 Qf8+ 31. Kg2 Be7 32. c4 Bxh4 33. cxd5 cxd5
34. gxh4 Rf6 35. Qc2 Rf1 0-1

[Event "Mistrovstvi CR senioru 2016 nad 60 let"]
[Site "Pelclovo divadlo Rychnov nad Kn"]
[Date "2016.08.23"]
[Round "4.1"]
[White "Novotny, Josef"]
[Black "Mlynek, Petr"]
[Result "1-0"]
[WhiteElo "2078"]
[BlackElo "2153"]
[PlyCount "81"]
[EventDate "2016.08.20"]

1. e3 g6 2. d3 Bg7 3. g3 d5 4. Bg2 e5 5. Nc3 Ne7 6. Nf3 c5 7. O-O O-O 8. Re1
Nbc6 9. Bd2 h6 10. a3 Be6 11. Qc1 Kh7 12. h3 Qd7 13. Kh2 Rad8 14. b4 b6 15. b5
Na5 16. a4 f5 17. Ra3 e4 18. Ng1 g5 19. Nd1 Ng6 20. Bc3 Ne5 21. f4 exf3 22.
Nxf3 Qc7 23. Qa1 Nxf3+ 24. Bxf3 c4 25. Bxg7 Qxg7 26. Qxg7+ Kxg7 27. d4 Rf6 28.
Nc3 Bf7 29. Re2 Kf8 30. Ra1 Ke7 31. Rf1 Kd6 32. Bg4 Ke6 33. e4 dxe4 34. Nxe4
Rxd4 35. Nxf6+ Kxf6 36. Rxf5+ Kg6 37. Ref2 Bd5 38. Rf6+ Kg7 39. Bh5 c3 40. Rg6+
Kh7 41. Rd6 1-0

[Event "Mistrovstvi CR senioru 2016 nad 60 let"]
[Site "Pelclovo divadlo Rychnov nad Kn"]
[Date "2016.08.23"]
[Round "4.2"]
[White "Rucka, Alois"]
[Black "Pilar, Miloslav"]
[Result "0-1"]
[WhiteElo "1927"]
[BlackElo "2173"]
[PlyCount "128"]
[EventDate "2016.08.20"]

1. d4 Nf6 2. c4 c5 3. Nf3 g6 4. Nc3 cxd4 5. Nxd4 Nc6 6. e4 d6 7. Be2 Bg7 8. Be3
O-O 9. O-O Bd7 10. Rc1 a6 11. f3 Nxd4 12. Bxd4 Qa5 13. Rb1 Be6 14. b4 Qc7 15.
Nd5 Bxd5 16. cxd5 Rfc8 17. Rb2 Nd7 18. Bxg7 Kxg7 19. Qd4+ Kg8 20. f4 Qc3 21.
Rd1 Qxd4+ 22. Rxd4 Rc1+ 23. Kf2 Rac8 24. Bg4 R8c2+ 25. Rd2 Rxb2 26. Rxb2 Nb6
27. Be2 Kf8 28. Ke3 Rc3+ 29. Kd2 Ra3 30. Rc2 f5 31. Bd3 fxe4 32. Bxe4 Kf7 33.
Kc1 Ra4 34. a3 Rxa3 35. Kb2 Re3 36. Bf3 Na4+ 37. Ka2 Rc3 38. Rxc3 Nxc3+ 39. Kb3
Nb5 40. Ka4 b6 41. g3 Nc7 42. Kb3 Kf6 43. Be4 h6 44. Kc4 g5 45. Kd4 gxf4 46.
gxf4 a5 47. bxa5 bxa5 48. Bc2 a4 49. Bxa4 Kf5 50. Bd7+ Kxf4 51. Bc6 Na6 52. Bd7
Nc5 53. Bb5 Ne4 54. Be2 Nf6 55. Bd1 Ng4 56. Bxg4 Kxg4 57. Ke4 h5 58. Ke3 Kh3
59. Kf4 Kxh2 60. Kg5 Kg3 61. Kxh5 Kf4 62. Kg6 Ke5 63. Kf7 Kxd5 64. Kxe7 Ke5 0-1

[Event "Mistrovstvi CR senioru 2016 nad 60 let"]
[Site "Pelclovo divadlo Rychnov nad Kn"]
[Date "2016.08.23"]
[Round "4.3"]
[White "Vorobyov, Yrij"]
[Black "Dolezal, Radoslav"]
[Result "1/2-1/2"]
[WhiteElo "2160"]
[BlackElo "1974"]
[PlyCount "48"]
[EventDate "2016.08.20"]

1. Nf3 d5 2. g3 g6 3. c4 c6 4. Qc2 Nf6 5. b3 Bg7 6. Bb2 O-O 7. Bg2 Bf5 8. d3
Nbd7 9. O-O Re8 10. Nbd2 e5 11. e4 dxe4 12. dxe4 Bg4 13. b4 Qc7 14. c5 Re7 15.
Nc4 Ne8 16. Nfd2 b6 17. cxb6 axb6 18. Ne3 Be6 19. a3 Rc8 20. Rac1 Bh6 21. Rfe1
f6 22. Bf1 Nb8 23. Rcd1 Rd8 24. h3 Kf7 1/2-1/2

[Event "Mistrovstvi CR senioru 2016 nad 60 let"]
[Site "Pelclovo divadlo Rychnov nad Kn"]
[Date "2016.08.23"]
[Round "4.4"]
[White "Pospisil, Evzen"]
[Black "Trojan, Lubos"]
[Result "1-0"]
[WhiteElo "2097"]
[BlackElo "1989"]
[PlyCount "0"]
[EventDate "2016.08.20"]
[PlyCount "66"]

1. d4 Nf6 2. Nf3 e6 3. g3 b6 4. Bg2 Bb7 5. O-O Be7 6. c4 d5 7. Nc3 O-O 8. Ne5
Nbd7 9. Qa4 Nb8 10. Rd1 Qc8 11. cxd5 exd5 12. Bg5 c6 13. Rac1 Qe6 14. b4 a6 15.
Qb3 Nbd7 16. f4 Rfe8 17. e4 dxe4 18. Qxe6 fxe6 19. Nxd7 Nxd7 20. Bxe7 Rxe7 21.
Nxe4 Rd8 22. Nd6 Nb8 23. Nc4 Red7 24. Nxb6 Rxd4 25. Bf3 Rxd1+ 26. Rxd1 Rxd1+
27. Bxd1 Kf7 28. Kf2 Ke7 29. Ke3 Nd7 30. Na4 Kd6 31. Kd4 e5+ 32. fxe5+ Nxe5 33.
Nc5 Bc8 1-0

[Event "Mistrovstvi CR senioru 2016 nad 60 let"]
[Site "Pelclovo divadlo Rychnov nad Kn"]
[Date "2016.08.23"]
[Round "4.5"]
[White "Uhmann, Jan"]
[Black "Lorenc, Oldrich"]
[Result "1/2-1/2"]
[WhiteElo "2063"]
[BlackElo "2063"]
[PlyCount "20"]
[EventDate "2016.08.20"]

1. d4 d5 2. c4 c6 3. Nc3 Nf6 4. Bg5 e6 5. e3 Be7 6. Nf3 Nbd7 7. a3 h6 8. Bh4
O-O 9. Bd3 dxc4 10. Bxc4 Nd5 1/2-1/2

[Event "Mistrovstvi CR senioru 2016 nad 60 let"]
[Site "Pelclovo divadlo Rychnov nad Kn"]
[Date "2016.08.23"]
[Round "4.6"]
[White "Novotny, Jaroslav"]
[Black "Pribyl, Josef"]
[Result "0-1"]
[WhiteElo "1926"]
[BlackElo "2266"]
[PlyCount "82"]
[EventDate "2016.08.20"]

1. d4 Nf6 2. c4 g6 3. g3 Bg7 4. Bg2 d5 5. cxd5 Nxd5 6. Nf3 O-O 7. O-O Nb6 8.
Nc3 Nc6 9. e3 Re8 10. Re1 e5 11. d5 Na5 12. e4 c6 13. dxc6 Nxc6 14. Qxd8 Rxd8
15. Bg5 f6 16. Be3 Nc4 17. b3 Nxe3 18. fxe3 Be6 19. Red1 Nb4 20. Ne1 Rxd1 21.
Rxd1 Rc8 22. Rc1 Kf7 23. a3 Nc6 24. Nd5 Na5 25. Rxc8 Bxc8 26. b4 Nc4 27. Nc2
Bd7 28. Nc3 Bf8 29. Kf2 a5 30. Bf1 Nxa3 31. Nxa3 axb4 32. Nab1 bxc3 33. Nxc3
Bb4 34. Bc4+ Kg7 35. Nd5 Ba5 36. Kg2 b5 37. Bb3 Bg4 38. h3 Be2 39. Kf2 Bd3 40.
Kf3 h5 41. g4 h4 0-1

[Event "Mistrovstvi CR senioru 2016 nad 60 let"]
[Site "Pelclovo divadlo Rychnov nad Kn"]
[Date "2016.08.23"]
[Round "4.7"]
[White "Masek, Jan"]
[Black "Jablecnik, Gustav"]
[Result "0-1"]
[WhiteElo "1911"]
[BlackElo "2108"]
[PlyCount "0"]
[EventDate "2016.08.20"]
[PlyCount "48"]

1. e4 e5 2. Nf3 Nc6 3. Bb5 a6 4. Ba4 b5 5. Bb3 Bc5 6. O-O d6 7. h3 Na5 8. Nc3
Nxb3 9. axb3 Bb7 10. d3 Nf6 11. Bg5 h6 12. Bh4 g5 13. Bg3 Nh5 14. Bh2 Nf4 15.
d4 exd4 16. Nxd4 Qf6 17. Nf5 b4 18. Bxf4 bxc3 19. Be3 cxb2 20. Rb1 Bxe4 21.
Bxc5 Qxf5 22. Bd4 Bxc2 23. Qe2+ Kd7 24. Rxb2 Bd3 0-1

[Event "Mistrovstvi CR senioru 2016 nad 60 let"]
[Site "Pelclovo divadlo Rychnov nad Kn"]
[Date "2016.08.23"]
[Round "4.8"]
[White "Divis, Libor"]
[Black "Salac, Jiri"]
[Result "1-0"]
[WhiteElo "1880"]
[BlackElo "2102"]
[PlyCount "68"]
[EventDate "2016.08.20"]

1. e4 c5 2. Nf3 d6 3. g3 Nc6 4. Bg2 g6 5. O-O Bg7 6. c3 e5 7. d3 Nge7 8. h3 O-O
9. Be3 b6 10. c4 f5 11. Nc3 Rb8 12. Bg5 h6 13. Bd2 Be6 14. Qc1 Kh7 15. Nd5 Qd7
16. Kh2 Rf7 17. Ng1 Rbf8 18. f3 fxe4 19. dxe4 Nd4 20. Be3 Nec6 21. Qd2 Rb8 22.
Rab1 b5 23. b3 b4 24. Rf2 a5 25. Ne2 Rbf8 26. Rbf1 Qa7 27. Bxd4 Nxd4 28. Nxd4
cxd4 29. Qd3 Qc5 30. Rc2 Rc8 31. Rff2 a4 32. f4 axb3 33. axb3 Ra8 34. f5 Raf8 {
mobil} 1-0

[Event "Mistrovstvi CR senioru 2016 nad 60 let"]
[Site "Pelclovo divadlo Rychnov nad Kn"]
[Date "2016.08.23"]
[Round "4.9"]
[White "Pokorny, Jan"]
[Black "Juricek, Stanislav"]
[Result "0-1"]
[WhiteElo "1853"]
[BlackElo "2082"]
[PlyCount "185"]
[EventDate "2016.08.20"]

1. Nf3 Nf6 2. b3 g6 3. Bb2 Bg7 4. e3 O-O 5. Be2 d6 6. d4 Nbd7 7. O-O c6 8. Nbd2
Qc7 9. c4 Re8 10. e4 e5 11. dxe5 dxe5 12. Qc2 Bf8 13. a3 a5 14. Bc3 Nh5 15.
Rfe1 Nf4 16. Bf1 Bg7 17. b4 axb4 18. axb4 Rxa1 19. Bxa1 Ne6 20. c5 b6 21. Bc4
bxc5 22. Bxe6 Rxe6 23. bxc5 Re8 24. Rd1 Qa7 25. Nb3 Qa4 26. Qd3 Nf8 27. Re1 h6
28. h3 Be6 29. Nbd2 Nd7 30. Qe3 Ra8 31. Bc3 Qc2 32. Nf1 Ra4 33. Ng3 Rc4 34. Rc1
Qa4 35. Ra1 Qb5 36. Bd2 Qxc5 37. Ra8+ Kh7 38. Ng5+ hxg5 39. Qxg5 Nf8 40. Qh4+
Kg8 41. Bg5 Rc2 42. Be3 Qb4 43. Qg5 f6 44. Qxg6 Qb7 45. Qe8 Qf7 46. Qb8 Kh7 47.
Nf5 Bxf5 48. exf5 Ra2 49. Rxa2 Qxa2 50. g4 Qd5 51. Qe8 Qd7 52. Qh5+ Kg8 53. Bc5
Qf7 54. Qh4 Nd7 55. Be3 c5 56. Qg3 c4 57. Qf3 Bf8 58. Qc6 Kh7 59. h4 Nb8 60.
Qb6 Nd7 61. Qc6 Kh8 62. Kh2 Bg7 63. Qc8+ Kh7 64. Kg3 Bf8 65. Qc6 Bb4 66. g5
fxg5 67. hxg5 Qxf5 68. Qh6+ Kg8 69. Qc6 Qf7 70. g6 Qe7 71. Qxc4+ Kg7 72. Qg4
Nf8 73. Qh5 Nxg6 74. Bg5 Qe6 75. Bh6+ Kf7 76. Qf3+ Kg8 77. Qg4 Qxg4+ 78. Kxg4
Ne7 79. Be3 Kf7 80. Kf3 Nf5 81. Bb6 Nd6 82. Kg3 Ke6 83. Kf3 Nc4 84. Bc7 Bd6 85.
Bd8 Kf7 86. Ke2 Bc5 87. Bc7 Bd6 88. Bd8 Nb2 89. Bb6 Na4 90. Ba5 Nc5 91. Bd2 Ne6
92. Bh6 Nf4+ 93. Kf3 0-1

[Event "Mistrovstvi CR senioru 2016 nad 60 let"]
[Site "Pelclovo divadlo Rychnov nad Kn"]
[Date "2016.08.23"]
[Round "4.10"]
[White "Drabek, Miloslav"]
[Black "Klimes, Jiri"]
[Result "1-0"]
[WhiteElo "2078"]
[BlackElo "1868"]
[PlyCount "41"]
[EventDate "2016.08.20"]

1. d4 Nf6 2. Nf3 g6 3. c4 Bg7 4. g3 c6 5. Bg2 O-O 6. O-O d5 7. Qa4 Bf5 8. Nc3
Nbd7 9. cxd5 cxd5 10. Bf4 Nb6 11. Qb3 Ne4 12. Rac1 Qd7 13. Rfd1 Nxc3 14. Rxc3
Qa4 15. Rdc1 Qxb3 16. Rxb3 Rac8 17. Rc5 Bxd4 18. Rxc8 Rxc8 19. Nxd4 e5 20. Nxf5
exf4 21. Ne7+ 1-0

[Event "Mistrovstvi CR senioru 2016 nad 60 let"]
[Site "Pelclovo divadlo Rychnov nad Kn"]
[Date "2016.08.23"]
[Round "4.11"]
[White "Sedlacek, Jan"]
[Black "Ondrejat, Miroslav"]
[Result "1/2-1/2"]
[WhiteElo "1839"]
[BlackElo "2028"]
[PlyCount "73"]
[EventDate "2016.08.20"]

1. e4 d5 2. exd5 Nf6 3. d4 Nxd5 4. Nf3 Bg4 5. Be2 e6 6. h3 Bh5 7. O-O Be7 8.
Ne5 Bxe2 9. Qxe2 O-O 10. c4 Nb6 11. Be3 N8d7 12. Nc3 Nxe5 13. dxe5 Qe8 14. Rac1
Qc6 15. b3 Rfd8 16. Rcd1 Nd7 17. Bd4 Nc5 18. Rd2 a5 19. Rfd1 b6 20. Be3 Rxd2
21. Rxd2 Nd7 22. Bd4 Bb4 23. Rd1 Bxc3 24. Bxc3 Nc5 25. Bd4 Nb7 26. Bc3 Rd8 27.
Rxd8+ Nxd8 28. Qd3 Nb7 29. a3 h6 30. b4 axb4 31. axb4 Qe8 32. Qe4 Nd8 33. b5
Qd7 34. Bd4 c5 35. bxc6 Qxc6 36. Qxc6 Nxc6 37. Bxb6 1/2-1/2

[Event "Mistrovstvi CR senioru 2016 nad 60 let"]
[Site "Pelclovo divadlo Rychnov nad Kn"]
[Date "2016.08.23"]
[Round "4.12"]
[White "Hlavac, Frantisek"]
[Black "Franc, Lubor"]
[Result "1/2-1/2"]
[WhiteElo "1989"]
[BlackElo "1843"]
[PlyCount "27"]
[EventDate "2016.08.20"]

1. e4 c6 2. d4 d5 3. e5 Bf5 4. Nf3 e6 5. a3 Qb6 6. Be2 g6 7. O-O Bg4 8. Nbd2
Bh6 9. Rb1 Bxf3 10. Nxf3 Bxc1 11. Qxc1 Nd7 12. Qf4 h6 13. Bd3 Qc7 14. c3
1/2-1/2

[Event "Mistrovstvi CR senioru 2016 nad 60 let"]
[Site "Pelclovo divadlo Rychnov nad Kn"]
[Date "2016.08.23"]
[Round "4.13"]
[White "Just, Pavel"]
[Black "Rehak, Jiri"]
[Result "1/2-1/2"]
[WhiteElo "1971"]
[BlackElo "1841"]
[PlyCount "0"]
[EventDate "2016.08.20"]
[PlyCount "36"]

1. e4 d5 2. exd5 Nf6 3. Nf3 Qxd5 4. Nc3 Qa5 5. Be2 Bg4 6. O-O e6 7. h3 Bh5 8.
d4 c6 9. Ne5 Bxe2 10. Qxe2 Nbd7 11. Nxd7 Nxd7 12. Ne4 Be7 13. c4 O-O 14. Bd2
Qd8 15. Bc3 Re8 16. Rfd1 f5 17. Nc5 Bxc5 18. dxc5 Qe7 1/2-1/2

[Event "Mistrovstvi CR senioru 2016 nad 60 let"]
[Site "Pelclovo divadlo Rychnov nad Kn"]
[Date "2016.08.23"]
[Round "4.14"]
[White "Kohout, Jan"]
[Black "Lexa, Vaclav"]
[Result "1-0"]
[WhiteElo "1963"]
[BlackElo "1860"]
[PlyCount "0"]
[EventDate "2016.08.20"]
[PlyCount "49"]

1. e4 c5 2. Nf3 d6 3. d4 cxd4 4. Nxd4 Nf6 5. Nc3 a6 6. Bg5 e6 7. f4 Be7 8. Qf3
Qc7 9. g4 Nbd7 10. O-O-O b5 11. Bxf6 Nxf6 12. g5 Nd7 13. h4 Bb7 14. Bh3 Nc5 15.
a3 Bc8 16. Rhe1 Rb8 17. f5 b4 18. axb4 Rxb4 19. Rf1 Qb6 20. fxe6 f6 21. Nd5 Qb7
22. gxf6 Bxf6 23. Qh5+ Kd8 24. Rxf6 Bxe6 25. Rxe6 1-0

[Event "Mistrovstvi CR senioru 2016 nad 60 let"]
[Site "Pelclovo divadlo Rychnov nad Kn"]
[Date "2016.08.23"]
[Round "4.15"]
[White "Splitek, Lubos"]
[Black "Sobotnik, Petr"]
[Result "1/2-1/2"]
[WhiteElo "1745"]
[BlackElo "1947"]
[PlyCount "0"]
[EventDate "2016.08.20"]
[PlyCount "65"]

1. e4 c6 2. d4 d5 3. e5 Bf5 4. g4 Bg6 5. h4 h6 6. Bd3 Bxd3 7. Qxd3 e6 8. Nd2 c5
9. c3 Nc6 10. Ndf3 Qb6 11. Ne2 cxd4 12. cxd4 Bb4+ 13. Bd2 Nge7 14. O-O Bxd2 15.
Qxd2 O-O 16. Rac1 Rac8 17. Rc3 Nb8 18. Rb3 Qc7 19. Rc1 Qd7 20. Rbc3 Rxc3 21.
Rxc3 Rc8 22. Ng3 Rxc3 23. Qxc3 Qc8 24. Qd3 Nbc6 25. g5 hxg5 26. Nxg5 Nf5 27.
Nxf5 exf5 28. Qd1 g6 29. h5 Nxd4 30. Nxf7 Kxf7 31. hxg6+ Kxg6 32. Qxd4 Qc1+ 33.
Kg2 1/2-1/2

[Event "Mistrovstvi CR senioru 2016 nad 60 let"]
[Site "Pelclovo divadlo Rychnov nad Kn"]
[Date "2016.08.23"]
[Round "4.16"]
[White "Sibl, Vaclav"]
[Black "Vesely, Emanuel"]
[Result "1-0"]
[WhiteElo "1944"]
[BlackElo "1784"]
[PlyCount "111"]
[EventDate "2016.08.20"]

1. d4 d5 2. Nf3 Nf6 3. Bf4 c5 4. e3 Nc6 5. Nc3 a6 6. dxc5 e6 7. Na4 Qa5+ 8. c3
Bxc5 9. Nxc5 Qxc5 10. Bd3 Qe7 11. Ne5 Bd7 12. O-O Nxe5 13. Bxe5 Bc6 14. b4 O-O
15. a4 b5 16. axb5 Bxb5 17. Qe2 Ne4 18. Bxb5 axb5 19. f3 Nd6 20. Bxd6 Qxd6 21.
Qxb5 Rac8 22. Qd3 Rc4 23. Rfb1 Rfc8 24. Rb3 g5 25. b5 Rb8 26. g3 Qc5 27. Rab1
Rb6 28. Kg2 h5 29. h3 Kg7 30. f4 gxf4 31. gxf4 f5 32. Kf3 Kh6 33. Qd2 Re4 34.
Qf2 e5 35. R1b2 exf4 36. exf4 Qc4 37. Qxb6+ Kh7 38. Qa7+ Kh6 39. Qa6+ Kh7 40.
Qd6 Qd3+ 41. Kg2 Re3 42. Qc7+ Kh6 43. Qb6+ Kh7 44. Qxe3 Qxe3 45. b6 h4 46. b7
Qg3+ 47. Kf1 Qxf4+ 48. Ke1 Qe3+ 49. Kd1 Qf3+ 50. Kc2 Qe2+ 51. Kb1 Qf1+ 52. Ka2
Qa6+ 53. Ra3 Qc4+ 54. Ka1 Qc5 55. Ra8 Qxc3 56. b8=Q 1-0